| 000 | 00605nam a2200193Ia 4500 | ||
|---|---|---|---|
| 005 | 20250923144615.0 | ||
| 008 | 008 250917s9999 xx 000 0 eng d | ||
| 037 | _aTextual | ||
| 040 |
_aDSWL _beng _cDSWL |
||
| 041 |
_aeng _2eng |
||
| 084 |
_aY:44(MY93):3'N49t, N51 _qDSWL |
||
| 245 | 0 |
_aReport on betting, lotteries and gaming 1949-1951 _cby Her Majesty's Stationary Office |
|
| 260 |
_aLondon _bHer Majesty's Stationery Office _c1951 |
||
| 300 | _avi,189p. | ||
| 365 |
_aINR _b3.60 |
||
| 925 | _g3.60 | ||
| 942 |
_cTEXL _hY:44(MY93):3'N49t, N51 |
||
| 999 |
_c1441093 _d1441093 |
||